Countries whose Coastline is longer than any Neighbour's - Statistics

General Stats
  • This quiz has been taken 90 times
  • The average score is 17 of 21
Answer Stats
COUNTRY % Correct
Canada
100%
Brazil
99%
Russia
99%
Chile
94%
Indonesia
93%
South Africa
93%
Italy
90%
United Kingdom
90%
Saudi Arabia
88%
Greece
87%
Egypt
85%
Somalia
85%
Angola
79%
Haiti
78%
Croatia
69%
Denmark
68%
Nigeria
68%
Ghana
57%
Liberia
46%
Gabon
44%
Eritrea
40%
No matching quizzes found
Score Distribution
Percent of People with Each Score
Percentile by Number Answered
Your Score History
You have not taken this quiz